The Neighbourhood - Wszystkie piosenki - Statystyki

Ogólne statystyki
  • Ten quiz został rozwiązany 183 razy
  • Średni wynik to 27 z 86
Statystyki odpowiedzi
Tytuł piosenki % Poprawnych
Daddy Issues
88%
Sweater Weather
79%
Softcore
73%
Reflections
69%
Afraid
67%
Flawless
67%
Cry Baby
66%
The Beach
65%
You Get Me So High
58%
Nervous
54%
Pretty Boy
52%
Void
50%
W.D.Y.W.F.M
48%
Prey
46%
Ferrari
45%
Single
45%
Wiped Out!
45%
Compass
44%
Female Robbery
44%
A Little Death
43%
How
43%
R.I.P. 2 My Youth
43%
Scary Love
43%
Wires
42%
Alleyways
41%
Blue
40%
Fallen Star
40%
Let It Go
38%
24/7
37%
Stargazing
37%
Devil's Advocate
36%
Baby Come Home
35%
Cherry Flavoured
35%
Everybody's Watching Me
35%
Float
35%
#icanteven
35%
Leaving Tonight
33%
Flowers
32%
A Moment of Silence
31%
Paradise
31%
Unfair
31%
Dust
29%
Sadderdaze
29%
Silver
29%
Staying Up
27%
$TING
27%
To
27%
U&I
26%
Heaven
25%
Noise
25%
Jealou&y
24%
Kill Us All
23%
Lurk
23%
Roll Call
23%
Stuck with Me
23%
Chip Chrome
22%
Yellow Box
22%
Silver Lining
21%
warm
20%
BooHoo
19%
Dangerous
19%
No Grey
19%
West Coast
18%
Lost in Translation
17%
Middle of Somewhere
17%
Rain
17%
Here We Go Again
16%
Valentines
16%
Over the Influence
15%
The Shining
15%
Beautiful Oblivion
14%
The Mono-Tones
13%
1 of those Weaks
12%
Beat Take 1
12%
Hell or High Water
12%
Livin' In a Dream
12%
T$RL
11%
YG call
11%
*NSTYNCT
9%
When I Get Back
9%
Greeting from Califournia
7%
Givin & Takin
6%
Tabacco Sunburst
4%
Me & My Bitch
3%
Revenge
2%
Too Serious
2%
Nie znaleziono quizów pasujących do podanych kryteriów
Rozkład punktacji
Procent ludzi z każdym wynikiem
Percentyl według liczby udzielonych odpowiedzi
Twoja historia wyników
Nie rozwiązałeś tego quizu